Singin' in the Rain Lyrics - Statistics

General Stats
  • This quiz has been taken 44 times
  • The average score is 58 of 70
Answer Stats
Answer % Correct
I
100%
I'm
100%
I'm
100%
I'm
100%
I'm
100%
in
100%
in
100%
in
100%
in
100%
rain,
100%
rain.
100%
rain.
100%
rain.
100%
singin'
100%
singin'
100%
singin',
100%
singin'
100%
the
100%
the
100%
The
100%
the
100%
the
100%
the
100%
the
100%
the
100%
a
98%
a
98%
a
98%
just
98%
Just
98%
again.
95%
happy
95%
happy
95%
What
95%
feeling,
93%
glorious
93%
clouds.
85%
clouds
85%
and
83%
laughing
80%
above.
78%
my
78%
my
78%
up
78%
at
76%
for
76%
love.
76%
ready
76%
So
73%
heart
71%
sun's
71%
on
68%
on
68%
face.
66%
smile
66%
stormy
66%
with
66%
With
66%
dark
63%
Let
63%
chase:
61%
everyone
61%
Come
59%
place.
59%
from
51%
refrain.
49%
I've
46%
down
44%
walk
41%
lane.
39%
No matching quizzes found
Score Distribution
Percent of People with Each Score
Percentile by Number Answered
Your Score History
You have not taken this quiz